Normal view
MARC view
- Pae, Keun-joo Christine
Entry NOMBRE PERSONAL
001 - NUMERO DE CONTROL DEL REGISTRO
- Campo de control: 420120
003 - IDENTIFICADOR DEL NÚMERO DE CONTROL
- Campo de control: ES-SlBCS
005 - FECHA Y HORA DE LA ÚLTIMA TRANSACCIÓN
- Campo de control: 20220531180915.0
008 - ELEMENTOS DE LONGITUD FIJA
- Campos de control de longitud fija: 220531|| aca||aabn | a|a d
040 ## - FUENTE DE LA CATALOGACIÓN
- Agencia que crea de manera original el registro: ES-SlBCS
- Agencia que realiza la transcripción: ES-SlBCS
100 ## - ENCABEZAMIENTO - NOMBRE PERSONAL
- Nombre personal: Pae, Keun-joo Christine
670 ## - FUENTE EN LA QUE SE LOCALIZARON DATOS
- Cita de la fuente: Work cat.: (ES-SlBCS): Pae, Keun-joo Christine , La teología de la afirmación de la vida en los tiempos de la COVID-19: teología feminista antiviolencia cuando el odio antiasiático nos mata
